Loading...

Reality of Climate Change in our Hills

Bibliographic Details
Language:Undetermined
Subjects:
LEADER 00488nab a2200145Ia 4500
008 170811c99999999xx |||||||||||| ||und||
245 |a Reality of Climate Change in our Hills 
300 |a 9-10 
653 |a  Garhwal region 
653 |a  Kumaon region 
653 |a Uttarakhand 
773 |t Monthly Public Opinion Survey   |g Vol. 57 No. 12 (Sept) 2012 
942 |c ART 
999 |c 179138  |d 179138 
952 |0 0  |1 0  |4 0  |7 0  |9 244986  |a LIB  |b LIB  |d 2017-08-13  |h Vol. 57 No. 12 (Sept) 2012  |r 2017-08-13  |w 2017-08-13  |y ART